000 00561nam a22001817a 4500
003 UA-OsUOA
001 12290
007 ta
008 20050507b un ||||| |||| 00| 0 ukr d
100 _aКостюк М.
942 _cSA
040 _aUA-OsUOA
_cUA-OsUOA
_dUA-OsUOA
245 _aРівненські пожежники на ЧАЕС були у першій шерензі вогнеборців
300 _aС.5
955 _a0
773 0 _w0
_tВільне слово
_dРівне
_d2005
_g№33/26 квіт./
650 7 _aПожежна справа
_2UDC
999 _c298451
_d298451